3 indices 1 ville, version extrême - Statistiques

Statistiques générales
  • Ce quiz a été pris 99 fois
  • Le résultat moyen est 6 sur 15
Statistiques - réponses
Indices Ville % Correct
Ferry / Nord Pas de / Compagnie du dragon Calais
77%
Pèlerinage / Coquillage / Galice Saint Jacques de Compostelle
77%
Place de la Comédie / MHR / Mosson Montpellier
69%
Alhambra / Albayzin / Chaleur Grenade
60%
Ararat / Génocide / Tsitsernakaberd Erevan
52%
"I am stupid" / Mer Caspienne / Karabagh Bakou
49%
Riigikogu / Cathédrale Alexandre Nevsky / Mer Baltique Tallinn
46%
Les 3 frères / Grande guilde / Maison des têtes noires Riga
37%
Arco da Vila / Stade provisoire de Gibraltar (foot) / Algarve Faro
36%
BayArena / Banlieue / Invincibilité Leverkusen
35%
Parc de l'amour / Miraflores / Ceviche Lima
25%
Palais Gallien / Rue Porte Dijeaux / Place de la Comédie Bordeaux
24%
Royale / Médina / Al-Attarine Madrasa Fès
15%
Cathédrale St-Domnius / Riva / Galerie d'Ivan Meštrović Split
12%
Volga / Zoo Limpopo / Rue Bolchaïa Pokrovskaïa Nijni-Novgorod
8%
Aucun quiz correspondant
Distribution des résultats
% des personnes avec chaque résultat
Percentile par nombre de réponses
Votre historique - résultats
Vous n’avez pas pris ce quiz